[Event "21st Alekhine FIDE 2017"]
[Site "Voronezh"]
[Date "2017.06.15"]
[Round "4"]
[White "Palin, Denis"]
[Black "Filippov, Ivan"]
[Result "1/2-1/2"]
[WhiteElo "2158"]
[BlackElo "2041"]
[Annotator "TA"]
[PlyCount "77"]
[EventDate "2017.??.??"]
[EventType "swiss"]
[EventCountry "RUS"]
[SourceTitle "playchess.com"]
[Source "ChessBase"]
[SourceQuality "1"]

{[%evp 9,77,-16,-8,0,6,11,37,21,15,4,28,30,28,21,26,25,37,14,35,21,21,21,20,20,19,17,14,19,15,8,17,17,17,17,17,17,17,17,17,17,17,17,17,17,17,10,24,9,45,44,20,0,0,0,0,0,0,0,0,0,0,0,0,0,0,0,4,0,0,0]} 1. f4 Nf6 2. Nf3 c5 3. b3 Nc6 4. Bb2 e6 (4... g6 5. e3 Bg7 6. Bb5 O-O 7. Bxc6 bxc6 8. d3 d6 9. O-O Re8 10. Qe1 Bg4 11. Nbd2 Bxf3 12. Nxf3 e5 13. fxe5 {½-½ (49) Chernyshov,K (2578)-Novikov,S (2558) Kostroma 2010}) 5. g3 d5 6. Bg2 {A02: Bird's Opening} Bd6 7. O-O Qe7 $146 ({Predecessor:} 7... O-O 8. e3 b5 9. Qe2 b4 10. d3 Bb7 {½-½ (24) Andreassen,E (2316)-Overgaard,J (2191) ICCF email 2007}) 8. c4 {White is slightly better.} O-O 9. e3 Rd8 10. Ne5 Bc7 11. Qe2 Bd7 12. d3 Be8 13. Nd2 Rab8 14. Nxc6 (14. Rfc1 {with more complications.} dxc4 15. Ndxc4 Nd5 16. Nxc6 Bxc6 17. d4) 14... Bxc6 15. e4 dxe4 16. Nxe4 Nxe4 17. Bxe4 Bxe4 18. dxe4 Rd7 19. Qg4 {[%csl Gb2][%cal Rg4g7] [#]} f6 20. Rad1 {Bxf6! is the strong threat.} Rbd8 21. Rxd7 Rxd7 22. Rd1 Rxd1+ 23. Qxd1 Qd8 24. Qxd8+ Bxd8 $11 {[%mdl 4096] Endgame KB-KB} 25. Kf2 Kf7 26. Kf3 h5 27. f5 (27. Ba3 $5 {[%cal Ra3c5]}) 27... Bc7 28. h3 g6 29. g4 hxg4+ 30. hxg4 {The position is equal.} Bh2 31. Bc3 Bc7 32. Bb2 Bh2 33. Bc3 Bc7 34. Bb2 Bh2 35. Bc3 Bc7 36. Bb2 Bh2 37. Bc3 Bc7 38. Bb2 Bh2 39. Ba3 {Precision: White = 47%, Black = 69%.} 1/2-1/2

[Event "21st Alekhine FIDE 2017"]
[Site "Voronezh"]
[Date "2017.06.15"]
[Round "4"]
[White "Puchko, Nikolay"]
[Black "Perch, Sofya"]
[Result "0-1"]
[WhiteElo "2154"]
[BlackElo "1874"]
[Annotator "TA"]
[PlyCount "104"]
[EventDate "2017.??.??"]
[EventType "swiss"]
[EventCountry "RUS"]
[SourceTitle "playchess.com"]
[Source "ChessBase"]
[SourceQuality "1"]

{[%evp 12,104,24,0,9,6,28,21,32,18,34,7,-6,-4,19,18,139,0,52,22,22,18,12,5,5,0,0,-6,-31,-86,-83,-107,20,20,20,20,20,20,20,20,20,22,24,25,24,18,22,22,33,33,33,33,33,34,37,40,41,38,45,13,37,0,47,0,10,-44,-49,-50,0,0,0,0,133,0,0,0,85,0,0,-167,-166,-312,-50,-575,-570,-29988,-29989,-29989,-29990,-29990,-29991,-29991,-5514,-29993,-29989]} 1. e4 c5 2. Nf3 d6 3. d4 cxd4 4. Nxd4 Nf6 5. Nc3 a6 6. h3 e5 7. Nb3 Be6 {B90: Sicilian Najdorf: Unusual White 6th moves, 6 Be3 Ng4 and 6 Be3 e5} 8. f4 {[%cal Bf2f4,Bf4f5][%mdl 32]} Nc6 (8... g6 9. Be2 Nbd7 10. O-O Rc8 11. f5 gxf5 12. exf5 Bc4 13. Bxc4 Rxc4 14. Qd3 Qc7 15. Be3 {0-1 (40) Gharamian,T (2626)-Rodshtein,M (2698) Chartres 2017}) 9. f5 Bxb3 {The position is equal.} ({Reject} 9... Nxe4 10. Nxe4 Qh4+ 11. Nf2 $16) 10. axb3 Rc8 $146 ({Predecessor:} 10... d5 11. exd5 Nd4 12. Qd3 Rc8 13. Bd2 Be7 14. O-O-O Nxd5 15. Qe4 {1-0 (30) Rasmussen,A (2524)-Hillarp Persson,T (2555) Denmark 2015}) 11. Be3 Nb4 {And now ...Nxe4! would win.} 12. Bc4 b5 (12... d5 $5 13. exd5 (13. Nxd5 Nfxd5 14. exd5 b5 $15) 13... Bc5 14. Bxc5 Rxc5 $14) 13. Bd5 {Black should prevent Bb7.} Nbxd5 (13... Qd7 $11) 14. exd5 (14. Nxd5 $16 Nxd5 15. Qxd5) 14... Ra8 (14... b4 $11 15. Ne2 Qd7) 15. b4 Be7 16. O-O O-O 17. Qd3 Qc7 18. Ra3 Rfc8 19. Rfa1 Qb7 20. Rd1 ({White should try} 20. b3 $15) 20... Rc4 $17 21. b3 Rc7 (21... Rxb4 $17 22. g4 h6) 22. Ne4 $11 Nxe4 23. Qxe4 Bd8 24. Kh2 f6 25. Ra2 Rcc8 26. Bd2 Bb6 27. Rc1 Ba7 28. c4 Bd4 29. Rac2 bxc4 30. bxc4 Rd8 31. Qd3 Rab8 32. Ra2 Ra8 33. Kg3 {[%cal Bh2g3,Bg3f3,Bf3e2,Be2d3][%mdl 32]} Re8 34. Qe4 Red8 35. Kf3 Re8 (35... a5 $5 {[%cal Ra5b4]} 36. b5 a4 $14) 36. Ke2 Red8 (36... a5 $5 37. Rxa5 Rxa5 38. bxa5 Qb2 $11) 37. Kd3 a5 38. Rxa5 (38. b5 $11) 38... Rxa5 $15 39. bxa5 Rc8 40. Ke2 Qb3 41. Qd3 Qa4 (41... Qa2 $1 $11) 42. Qc2 ({White has to play} 42. Rb1 $1 $16) 42... Qa3 $11 43. Qd3 Qa4 {[#]} (43... Qa2 $11 {remains equal.}) 44. Kf1 (44. Rb1 $1 $16) 44... Rb8 45. h4 $2 (45. Qc2 $11 {and White has nothing to worry.} Qa3 46. Rb1 Rxb1+ 47. Qxb1) 45... Rb3 $36 {[%mdl 3072] Black has strong compensation. White is under strong pressure.} 46. Qc2 {[#]} (46. Qe2 $142) 46... Qa3 $2 (46... Bb2 $1 $19 {[%cal Rb2c1]} 47. Kg1 Bxc1 48. Bxc1 Rb4 49. Qxa4 Rxa4) 47. Be1 $2 {[%mdl 8192]} (47. Rb1 $15 Rxb1+ 48. Qxb1) 47... Rb2 48. Qd1 Qe3 {[%csl Gd4][%cal Re3g1]} 49. Rc2 Qg1+ 50. Ke2 Qxg2+ 51. Kd3 Rxc2 (51... Rb3+ $142 52. Rc3 Rxc3+ 53. Bxc3 Qh3+ 54. Qf3 Qxf3+ 55. Kc2 Qxc3+ 56. Kd1 Qb2 57. Ke1 Be3 58. h5 Qf2+ 59. Kd1 Qd2#) 52. Qh5 g6 {Precision: White = 35%, Black = 40%.} 0-1

[Event "21st Alekhine FIDE 2017"]
[Site "Voronezh"]
[Date "2017.06.15"]
[Round "4"]
[White "Maratkanov, Evgeny"]
[Black "Arbuzov, Mikhail"]
[Result "1/2-1/2"]
[WhiteElo "2145"]
[BlackElo "2022"]
[Annotator "TA"]
[PlyCount "83"]
[EventDate "2017.??.??"]
[EventType "swiss"]
[EventCountry "RUS"]
[SourceTitle "playchess.com"]
[Source "ChessBase"]
[SourceQuality "1"]

{[%evp 23,83,0,0,0,0,0,12,0,9,0,12,11,54,56,54,53,53,53,53,53,53,53,53,53,53,53,53,54,61,50,61,49,63,29,34,27,32,30,25,27,38,0,0,0,0,0,0,0,0,-27,43,-12,-10,-7,-1,-1,-1,-1,-1,-1,-1,-61]} 1. Nf3 Nf6 2. g3 g6 3. Bg2 Bg7 4. c4 O-O 5. Nc3 d6 6. O-O e5 7. d4 Nbd7 8. Qc2 c6 9. Rd1 Qe7 10. b3 Re8 11. Ba3 exd4 {E67: King's Indian: Fianchetto: 6...Nbd7} 12. Nxd4 Nc5 {LiveBook: 5 Games} 13. Rac1 (13. b4 Ne6 14. Nf3 Nc7 15. b5 c5 16. Bb2 Be6 17. Nd2 Rad8 18. e4 Ng4 19. Ne2 {½-½ (35) Wang,Y (2716)-Grigoryan,K (2473) Jakarta 2011}) 13... a5 14. e3 $146 ({Predecessor:} 14. Bb2 Ng4 15. e3 h5 16. Qe2 Ne5 17. h3 a4 18. Rc2 axb3 19. axb3 {0-1 (58) Frolochkin,V (2283)-Shchukin,D (2355) St Petersburg 2010}) 14... Bg4 15. Rd2 Rad8 16. h3 Bc8 17. Rcd1 Nfe4 (17... h5 {keeps more tension.} 18. Bxc5 dxc5 19. Nf3 Bf5 20. Qc1 Ne4) 18. Nxe4 Nxe4 19. Bxe4 Qxe4 20. Qxe4 Rxe4 21. Kg2 Bxd4 22. Rxd4 Rxd4 23. Rxd4 $14 {[%mdl 4096] Endgame KRB-KRB} d5 24. c5 Bf5 25. Bb2 Ra8 26. Ra4 Bb1 27. Bc3 Ra6 28. Bxa5 Kf8 29. Kf3 Ke7 30. Ke2 Ke6 31. Kd2 Be4 32. b4 Bg2 33. h4 Bf1 34. Ra3 Bc4 35. f3 h5 36. e4 Ke5 ({Black should play} 36... d4 $11) 37. f4+ (37. Re3 $14) 37... Kxe4 $11 {...d4 is the strong threat.The position is equal.} 38. Re3+ Kf5 39. Re7 f6 40. Rxb7 Bxa2 41. Rb6 Bc4 42. Rb8 {Precision: White = 60%, Black = 65%.} (42. Ke3 $11) 1/2-1/2

[Event "21st Alekhine FIDE 2017"]
[Site "Voronezh"]
[Date "2017.06.15"]
[Round "4"]
[White "Guliev, Gasan"]
[Black "Palkovich, Denis"]
[Result "0-1"]
[WhiteElo "2104"]
[BlackElo "2147"]
[Annotator "TA"]
[PlyCount "54"]
[EventDate "2017.??.??"]
[EventType "swiss"]
[EventCountry "RUS"]
[SourceTitle "playchess.com"]
[Source "ChessBase"]
[SourceQuality "1"]

{[%evp 11,54,65,94,108,279,-23,-22,-15,-24,-12,66,66,67,60,62,48,64,35,39,35,65,72,67,75,73,83,69,22,52,34,69,-14,-16,-18,111,-913,-981,-955,-925,-29974,-29975,-29972,-29972,-29987,-29985]} 1. e4 d5 2. exd5 Qxd5 3. Nc3 Qa5 4. d4 {[%cal Bd2d4,Bd4d5][%mdl 32]} Nf6 5. Nf3 Nc6 6. Bd2 Bg4 {LiveBook: 43 Games} 7. d5 {B01: Scandinavian Defence} (7. Nb5 Qb6 8. c4 Bxf3 9. Qxf3 Nxd4 10. Nxd4 Qxd4 11. Qxb7 Qe4+ 12. Qxe4 Nxe4 13. Be3 e5 14. Bd3 Nc5 15. Bc2 O-O-O 16. Rd1 {1-0 (59) Vera Siguenas,D (2496)-Lapshun,Y (2396) Barcelona 2016}) 7... Nb4 $2 {[#]} (7... Nxd5 $16 8. Nb5 Qb6) 8. Nb5 $2 (8. a3 $1 $18) 8... a6 $1 $11 {[%cal Ra6b5]} 9. Nxc7+ {The position is equal.} Qxc7 10. Bxb4 Bxf3 (10... O-O-O $11) 11. Qxf3 $14 Qe5+ 12. Be2 Nxd5 13. Bd2 {And now Rd1 would win.} e6 $1 14. O-O-O {Strongly threatening Rhe1.} Be7 15. Rhe1 $146 {[#] aiming for Bb5+!} O-O 16. Bc4 Qc7 17. Bxd5 exd5 18. Qxd5 Bf6 19. Bb4 Rfc8 {[%csl Gc8][%cal Rc7c2]} 20. Re2 Qxh2 21. Qxb7 ({Better is} 21. Bd6 $14 Qh4 22. Qxb7) 21... Qf4+ $40 {[%mdl 128] Black has some attack.} 22. Kb1 Rab8 (22... Bxb2 $1 $11 {keeps the balance.} 23. Qe4 (23. Kxb2 Rab8 $17) 23... Qxe4 24. Rxe4 f5) 23. Re4 $2 {[%mdl 8192]} (23. Qe4 $16 Qc7 24. c3) 23... Qxf2 $19 ({And not} 23... Rxb7 24. Rxf4 Rcb8 25. c3 $11) 24. Rc4 Rd8 ({Weaker is} 24... Rxb7 25. Rxc8+ Bd8 26. Rdxd8#) 25. Rxd8+ Rxd8 {[%cal Rd8d1] Black mates.} 26. a4 Qf1+ 27. Ka2 Qxc4+ {Precision: White = 34%, Black = 43%.} 0-1

[Event "21st Alekhine FIDE 2017"]
[Site "Voronezh"]
[Date "2017.06.15"]
[Round "4"]
[White "Khajrutdinov, Ildar"]
[Black "Kondaurov, Yury"]
[Result "1/2-1/2"]
[WhiteElo "2087"]
[BlackElo "2046"]
[Annotator "NA RC"]
[PlyCount "105"]
[EventDate "2017.??.??"]
[EventType "swiss"]
[EventCountry "RUS"]
[SourceTitle "playchess.com"]
[Source "ChessBase"]
[SourceQuality "1"]
[TimeControl "40/5400+30:1800+30"]

{[%evp 8,105,20,16,54,27,33,5,10,29,38,0,2,6,6,0,7,-25,0,-25,7,-16,-15,-35,-2,-25,16,8,0,0,0,0,0,0,51,43,35,12,10,6,21,14,24,18,84,68,84,93,94,18,44,35,75,72,84,76,81,81,83,81,75,73,87,88,87,0,75,72,72,59,94,84,79,96,90,60,70,47,72,56,56,31,23,29,44,62,64,58,58,44,44,44,64,58,58,0,0,14,0,0]} 1. d4 {[%emt 0:00:00]} Nf6 {[%emt 0:00:03]} 2. c4 {[%emt 0:00:00]} c5 {[%emt 0:00:06]} 3. Nf3 {[%emt 0:02:10]} cxd4 {[%emt 0:00:20]} 4. Nxd4 {[%emt 0:00:04]} e5 {[%emt 0:00:02]} 5. Nb5 {[%emt 0:04:15]} d5 {[%emt 0:00:16]} 6. cxd5 $1 {[%emt 0:08:14]} Bc5 {[%emt 0:00:11]} 7. e3 {[%emt 0:03:40]} O-O {[%emt 0:00:51]} 8. N5c3 {[%emt 0:07:23]} e4 {[%emt 0:00:55]} 9. Be2 {[%emt 0:04:14] LiveBook: 125 Games} Qe7 {[%emt 0:00:58]} 10. Nd2 {[%emt 0:06:25]} Rd8 {[%emt 0:01:19]} 11. Qb3 {[%emt 0:15:02] A31: Symmetrical English: 2 Nf3 Nf6 3 d4} (11. Nb3 Bb4 12. Bd2 Nxd5 13. Qc2 Nxc3 14. Bxc3 Nc6 15. O-O Bf5 16. Rfd1 Rac8 17. Rxd8+ Rxd8 18. Rc1 h6 {1-0 (45) Lafuente,P (2524)-Herraiz Hidalgo,H (2520) San Sebastian 2009}) 11... b6 $146 {[%emt 0:11:23]} ({Predecessor:} 11... Nbd7 12. O-O Nb6 13. Rd1 Bf5 14. Nf1 h5 15. Ng3 Bg6 16. f4 exf3 17. Bxf3 h4 18. Nf1 Qe5 {0-1 (27) Kaniansky,M (2209)-Packa,L (2221) Slovakia 2012}) 12. Nc4 {[%emt 0:10:52]} (12. Qa4 $14) 12... Nbd7 {[%emt 0:15:35]} 13. Bd2 {[%emt 0:10:04]} Bb7 {[%emt 0:03:02]} 14. d6 {[%emt 0:04:24]} Bxd6 {[%emt 0:04:00]} 15. Nxd6 {[%emt 0:00:26]} Qxd6 {[%emt 0:01:43]} 16. Nb5 {[%emt 0:02:14]} Qxd2+ {[%emt 0:02:29]} 17. Kxd2 {[%emt 0:00:05]} Nc5+ {[%emt 0:00:07]} 18. Nd4 {[%emt 0:01:16]} (18. Kc3 $5 {[%cal Rb3a3]} Nd5+ 19. Kc2 Nxb3 20. Kxb3 $11) 18... Nxb3+ {[%emt 0:00:16]} 19. axb3 {[%emt 0:00:07]} a5 {[%emt 0:00:47]} 20. Rhc1 {[%emt 0:00:27]} Rac8 {[%emt 0:00:10]} 21. Rxc8 {[%emt 0:01:38]} Rxc8 {[%emt 0:00:05]} 22. Rc1 {[%emt 0:00:34]} (22. b4 $5) 22... Rxc1 {[%emt 0:00:11]} 23. Kxc1 {[%emt 0:00:01]} g6 {[%emt 0:01:24]} 24. Kc2 {[%emt 0:02:10]} Kf8 {[%emt 0:00:40]} 25. b4 {[%emt 0:02:18]} a4 {[%emt 0:01:20]} (25... axb4 $11 {remains equal.} 26. Kb3 Nd5) 26. Kc3 {[%emt 0:06:03]} Ke7 {[%emt 0:03:20]} 27. Kc4 {[%emt 0:02:19]} Ba6+ {[%emt 0:07:09]} 28. b5 {[%emt 0:00:18]} Bb7 {[%emt 0:00:02]} 29. Kb4 {[%emt 0:01:23]} Kd6 {[%emt 0:01:10]} 30. Kxa4 {[%emt 0:00:25]} Kc5 {[%emt 0:03:12]} 31. Nb3+ {[%emt 0:00:33]} Kd6 {[%emt 0:00:14]} 32. Kb4 {[%emt 0:00:24]} Nd5+ {[%emt 0:01:42]} 33. Kc4 {[%emt 0:00:35]} Ke5 {[%emt 0:00:05]} 34. Nd4 {[%emt 0:02:13]} Ne7 {[%emt 0:08:35]} 35. Kc3 {[%emt 0:01:29]} Nd5+ {[%emt 0:00:39]} 36. Kc4 {[%emt 0:00:14]} (36. Kb3 $16) 36... Ne7 {[%emt 0:00:02]} 37. g3 {[%emt 0:00:16]} f5 {[%emt 0:00:53]} 38. Kc3 {[%emt 0:00:48]} g5 {[%emt 0:00:46]} 39. Bc4 {[%emt 0:00:50]} Bd5 {[%emt 0:06:39]} 40. b3 {[%emt 0:00:00]} f4 {[%emt 0:03:50]} 41. Kd2 {[%emt 0:31:48]} h5 {[%emt 0:30:31]} 42. Ke2 {[%emt 0:02:21]} f3+ {[%emt 0:02:14]} 43. Kd2 {[%emt 0:00:14]} h4 {[%emt 0:01:25]} 44. Bf1 {[%emt 0:00:50]} hxg3 {[%emt 0:00:14]} 45. hxg3 {[%emt 0:00:12]} Nf5 {[%emt 0:05:00]} 46. Nxf5 $1 {[%emt 0:00:48]} Kxf5 {[%emt 0:00:01]} 47. Kc3 {[%emt 0:00:26]} Ke5 {[%emt 0:00:03]} 48. Bc4 {[%emt 0:00:36]} Bb7 {[%emt 0:00:27]} 49. Bf7 {[%emt 0:00:23]} Bd5 {[%emt 0:01:15]} 50. Be8 {[%emt 0:00:14]} Be6 {[%emt 0:00:09]} 51. b4 {[%emt 0:00:35]} (51. Bc6 $14) 51... Bh3 {[%emt 0:01:06]} 52. Bc6 {[%emt 0:00:43]} Be6 {[%emt 0:00:14]} 53. Be8 $11 1/2-1/2

[Event "21st Alekhine FIDE 2017"]
[Site "Voronezh"]
[Date "2017.06.15"]
[Round "4"]
[White "Novikov, Sergey D"]
[Black "Natarov, Ilya"]
[Result "1-0"]
[WhiteElo "2061"]
[BlackElo "1881"]
[Annotator "NA"]
[PlyCount "63"]
[EventDate "2017.??.??"]
[EventType "swiss"]
[EventCountry "RUS"]
[SourceTitle "playchess.com"]
[Source "ChessBase"]
[SourceQuality "1"]
[TimeControl "40/5400+30:1800+30"]

{[%evp 9,63,14,9,18,23,15,12,0,8,-2,43,35,65,16,62,53,55,64,77,57,147,125,105,102,188,111,100,100,100,99,194,199,285,189,295,303,310,282,447,451,519,554,639,386,1248,1345,1195,1358,1370,1656,1291,1535,2193,6141,29982,1550]} 1. d4 d5 2. Nf3 Nf6 3. c4 c6 4. Nc3 e6 5. e3 Nbd7 6. Qc2 Bd6 7. Bd3 dxc4 8. Bxc4 b5 9. Be2 {D46: Semi-Slav: 5 e3 Nbd7 6 Bd3, Black avoids the Meran} Bb7 (9... O-O 10. O-O a6 11. Rd1 Qc7 12. e4 e5 13. h3 Re8 14. a3 exd4 15. Nxd4 Bh2+ 16. Kh1 Be5 17. Bf3 c5 18. Nf5 Nb6 19. Bg5 Bxf5 20. exf5 {½-½ (40) Navara,D (2751)-So,W (2778) Prague 2015}) 10. e4 e5 {LiveBook: 4 Games} 11. O-O h6 $146 ({Predecessor:} 11... O-O 12. dxe5 Nxe5 13. Nxe5 Bxe5 14. Be3 Qe7 15. Bf3 Rfe8 16. Rfe1 a6 17. Rad1 Rad8 18. Rxd8 Rxd8 19. h3 h6 20. Ne2 Qb4 21. Rb1 c5 22. Bxc5 Bxe4 23. Bxb4 Bxc2 24. Rc1 Be4 25. Bxe4 Nxe4 26. b3 {½-½ (26) Milos,G (2510)-Nogueiras Santiago,J (2560) Havana 1988}) 12. Rd1 Qc7 13. dxe5 Nxe5 14. Nd4 Ned7 (14... O-O $14) 15. g3 (15. Nf5 $18 Bxh2+ 16. Kh1) 15... O-O {[#]} 16. Bxb5 $1 Nc5 (16... cxb5 $16 17. Ndxb5 {[#]} Bxe4 $1 {[%mdl 512]} 18. Nxc7 Bxc2 19. Rxd6 Rab8) 17. Bxc6 (17. Bc4 $18) 17... Bxc6 {[#]} 18. Ndb5 $1 Qe7 19. Nxd6 Rad8 (19... Ncxe4 $16 20. Ncxe4 Bxe4) 20. Nf5 Qb7 21. Nd5 Nfxe4 (21... Bxd5 $142 22. exd5 Nce4) 22. Nde7+ Kh8 23. Be3 Rxd1+ 24. Rxd1 Ba4 25. b3 Nxb3 26. axb3 Bxb3 $2 (26... Qxb3 27. Qxb3 Bxb3) 27. Qb2 f6 28. Ng6+ Kg8 29. Nxf8 Kxf8 30. Rb1 Qd5 31. Qa3+ Kf7 32. Qxb3 $18 (32. Qe7+ $142 Kg6 33. g4 Qf7 34. Qxe4 Qc4 35. Nd4+ Kf7 36. Rxb3 Qxb3 37. Nxb3) 1-0

[Event "21st Alekhine FIDE 2017"]
[Site "Voronezh"]
[Date "2017.06.15"]
[Round "4"]
[White "Chernov, Vladimir S"]
[Black "Filippov, Vladimir"]
[Result "1/2-1/2"]
[WhiteElo "2045"]
[BlackElo "1882"]
[Annotator "NA RC"]
[PlyCount "162"]
[EventDate "2017.??.??"]
[EventType "swiss"]
[EventCountry "RUS"]
[SourceTitle "playchess.com"]
[Source "ChessBase"]
[SourceQuality "1"]
[TimeControl "40/5400+30:1800+30"]

{[%evp 8,162,60,38,54,24,68,33,52,16,52,53,85,59,66,14,22,-36,3,-29,-23,-33,-21,-37,-23,-62,-41,-30,-33,-55,15,0,15,0,0,0,11,0,0,0,32,25,25,0,0,-21,0,-14,74,0,0,0,7,8,12,26,29,20,20,2,0,0,0,0,9,0,0,0,0,0,0,-104,-87,-72,-90,-131,0,32767,0,0,0,0,0,0,0,0,0,0,0,0,0,0,0,0,0,0,0,0,0,0,0,0,0,0,0,0,0,0,0,0,0,0,0,0,0,0,0,0,0,0,0,0,8,0,0,32767,32767,32767,8,0,0,0,0,0,0,0,0,0,0,0,0,0,0,0,0,0,0,0,0,0,0,0,0,0,0,0,0]} 1. d4 {[%emt 0:01:31]} d6 {[%emt 0:00:15]} 2. Nf3 {[%emt 0:00:10]} Nf6 {[%emt 0:00:07]} 3. c4 {[%emt 0:00:15]} Nbd7 {[%emt 0:00:20]} 4. Bf4 {[%emt 0:00:51]} c6 {[%emt 0:04:48]} 5. Nc3 {[%emt 0:00:54]} Qa5 {[%emt 0:02:29]} 6. Bd2 {[%emt 0:01:09] A53: Old Indian Defence without Nf3} Qc7 {[%emt 0:00:22]} 7. e3 {[%emt 0:02:23]} e5 {[%emt 0:00:34]} 8. Bd3 $146 {[%emt 0:00:50]} ({Predecessor:} 8. Qc2 Be7 9. g4 Nxg4 10. Rg1 Nf8 11. h3 Nf6 12. Rxg7 Ng6 13. Ng5 Rf8 14. Nxh7 Nxh7 15. Rxh7 {0-1 (60) Carlsen,M (2714)-Rublevsky,S (2676) Moscow 2007}) 8... Be7 {[%emt 0:01:27]} 9. O-O {[%emt 0:01:11]} Nf8 {[%emt 0:01:30]} 10. Qc2 {[%emt 0:03:14]} Bg4 {[%emt 0:06:08]} 11. Ne1 {[%emt 0:04:15]} Ne6 {[%emt 0:06:38]} 12. dxe5 {[%emt 0:01:16]} (12. d5 $14 Nc5 13. e4) 12... dxe5 {[%emt 0:01:12]} 13. f3 {[%emt 0:01:24]} Bh5 {[%emt 0:00:38]} 14. Bf5 {[%emt 0:00:37]} Bg6 {[%emt 0:00:29]} 15. Ne4 {[%emt 0:04:51]} Nxe4 {[%emt 0:05:41]} (15... Rd8 $5 {[%cal Rg6f5]} 16. Rd1 Bxf5 17. Nxf6+ Bxf6 18. Qxf5 Rd7 $15) 16. Bxe4 {[%emt 0:01:59]} O-O {[%emt 0:07:01]} 17. Bxg6 {[%emt 0:00:52]} hxg6 {[%emt 0:01:47]} 18. Nd3 {[%emt 0:00:31]} Nc5 {[%emt 0:04:47]} (18... e4 $5 19. fxe4 Bd6 $11) 19. Nxc5 {[%emt 0:00:30]} Bxc5 {[%emt 0:00:01]} 20. b4 {[%emt 0:00:16]} Be7 {[%emt 0:00:05]} 21. Bc3 {[%emt 0:00:29]} Rfe8 {[%emt 0:03:21]} 22. Rad1 {[%emt 0:01:21]} Rad8 {[%emt 0:01:22]} 23. Qe4 {[%emt 0:03:08]} Rxd1 {[%emt 0:00:34]} 24. Rxd1 {[%emt 0:00:15]} Rd8 {[%emt 0:00:30]} 25. Re1 {[%emt 0:04:20]} Bf6 {[%emt 0:02:44]} 26. a3 {[%emt 0:01:56]} Qd7 {[%emt 0:03:17]} 27. Bxe5 {[%emt 0:03:07]} Re8 {[%emt 0:01:24]} (27... Qd2 $11 28. Kf1 Rd3) 28. f4 {[%emt 0:01:11]} (28. Qd4 $1 $14 Qxd4 29. exd4) 28... Bxe5 {[%emt 0:03:13]} 29. fxe5 {[%emt 0:00:02]} Qe6 {[%emt 0:00:25]} 30. Rd1 {[%emt 0:00:51]} Qxe5 {[%emt 0:01:00]} 31. Qxe5 {[%emt 0:00:05]} Rxe5 {[%emt 0:00:18]} 32. Rd8+ {[%emt 0:00:02]} Kh7 {[%emt 0:00:25]} 33. Rd7 {[%emt 0:00:53]} Rxe3 {[%emt 0:02:10]} 34. Rxf7 {[%emt 0:00:03]} Rxa3 {[%emt 0:00:25]} 35. Rxb7 Ra2 {[%emt 0:01:07]} 36. c5 {[%emt 0:01:36]} (36. Rc7 $5 {[%cal Rc7c6]}) 36... a5 {[%emt 0:02:20]} 37. Ra7 {[%emt 0:03:36]} a4 {[%emt 0:00:21]} 38. Ra6 {[%emt 0:02:37]} a3 {[%emt 0:00:35]} 39. g4 {[%emt 0:13:07]} ({Much weaker is} 39. Rxc6 Rc2 $17) (39. h3 $11) 39... Ra1+ {[%emt 0:05:13]} 40. Kg2 {[%emt 0:00:00]} a2 {[%emt 0:00:07]} 41. h4 {[%emt 0:04:23]} (41. g5 $11 {remains equal.}) 41... Kg8 {[%emt 0:01:28]} 42. Ra7 {[%emt 0:02:35]} Kf8 {[%emt 0:00:27]} 43. Kh2 {[%emt 0:03:24]} Ke8 {[%emt 0:00:23]} (43... g5 $5 44. hxg5 Kg8 $15) 44. Kg2 {[%emt 0:01:28]} Kd8 {[%emt 0:01:23]} (44... g5 $5 45. hxg5 Kf8 $15) 45. Kh2 {[%emt 0:00:41]} Kc8 {[%emt 0:00:16]} (45... g5 $5 46. hxg5 Ke8 $11) 46. Kg2 {[%emt 0:00:13]} Kb8 {[%emt 0:01:13]} 47. Ra5 {[%emt 0:00:07]} Kb7 {[%emt 0:04:10]} 48. Kh2 {[%emt 0:01:21]} Kb8 {[%emt 0:03:31]} 49. Kg2 {[%emt 0:00:22]} Kc8 {[%emt 0:02:01]} 50. Ra7 {[%emt 0:00:11]} Kd8 {[%emt 0:00:02]} 51. Kh2 {[%emt 0:00:21]} Ke8 {[%emt 0:00:04]} 52. Kg2 {[%emt 0:00:14]} Kf8 {[%emt 0:01:12]} 53. Kh2 {[%emt 0:00:07]} Kg8 {[%emt 0:00:17]} 54. Kg2 {[%emt 0:00:39]} Rb1 {[%emt 0:00:50]} 55. Rxa2 {[%emt 0:00:05]} Rxb4 {[%emt 0:00:02]} 56. Ra6 {[%emt 0:00:20]} Rxg4+ {[%emt 0:00:33]} 57. Kh3 {[%emt 0:00:02]} Rc4 {[%emt 0:00:32]} 58. Rxc6 {[%emt 0:00:04]} Kf7 {[%emt 0:00:19]} 59. Rc7+ {[%emt 0:01:02]} Kf6 {[%emt 0:01:15]} 60. Rc8 {[%emt 0:01:28]} Rc3+ {[%emt 0:00:16]} 61. Kg2 {[%emt 0:00:10]} Ke7 {[%emt 0:01:33]} 62. c6 {[%emt 0:00:32]} Kd6 {[%emt 0:00:21]} 63. Rd8+ {[%emt 0:00:51]} Kc7 {[%emt 0:00:58]} 64. Rd7+ {[%emt 0:00:03]} Kc8 {[%emt 0:00:37]} 65. Rxg7 {[%emt 0:00:18]} Rxc6 {[%emt 0:00:01]} 66. Kg3 {[%emt 0:00:15]} Kd8 {[%emt 0:00:12]} 67. Kg4 {[%emt 0:00:27]} Ke8 {[%emt 0:00:02]} 68. Kg5 {[%emt 0:00:39]} Kf8 {[%emt 0:00:46]} 69. Ra7 {[%emt 0:00:14]} Rb6 {[%emt 0:00:25]} 70. Kh6 {[%emt 0:02:35]} Rb4 {[%emt 0:00:47]} 71. Kg5 {[%emt 0:00:48]} Rb6 {[%emt 0:00:20]} 72. Rd7 {[%emt 0:01:00]} Ra6 {[%emt 0:00:46]} 73. Rd4 {[%emt 0:00:14]} Kg7 {[%emt 0:00:58]} 74. Rd7+ {[%emt 0:00:23]} Kf8 {[%emt 0:00:02]} 75. Rh7 {[%emt 0:00:22]} Kg8 {[%emt 0:00:52]} 76. Rb7 {[%emt 0:00:52]} Kf8 {[%emt 0:00:02]} 77. Rb4 {[%emt 0:01:36]} Kg7 {[%emt 0:00:33]} 78. Rb5 $1 {[%emt 0:00:17]} Rc6 {[%emt 0:00:48]} 79. Rb7+ {[%emt 0:00:23]} Kf8 {[%emt 0:00:03]} 80. Kh6 {[%emt 0:00:21]} Rc4 {[%emt 0:00:21]} 81. Kxg6 $11 Rxh4 1/2-1/2